Quiz sur la serie "lupin" netflix - Statistiques

Statistiques générales
  • Ce quiz a été pris 852 fois
  • Le résultat moyen est 12 sur 19
Statistiques - réponses
Question Réponse % Correct
Quel est la véritable identité de Lupin ? Assane Diop
97%
Dans quel musée Lupin vole le collier ? Le Louvre
92%
Comment s'appelle le meilleur ami de Lupin ? Benjamin
87%
Quel policier a fait le lien entre le voleur du Louvre et Arsène Lupin ? Youssef Guedira
83%
Quel est le premier métier de Lupin ? Concierge
74%
Qui est l'auteur du roman dont la série s'inspire ? Maurice Leblanc
73%
Quel était le pseudonyme de Lupin sur tweeter ? Salvator813
71%
Dans la réplique de Claire quels sont les deux types de mec ? Les barbares et les chevaliers
67%
A quelle reine appartenait le collier ? Marie-Antoinette d'Autriche
67%
Quelle musique Dumont demande t-il à deux reprises à Circé ? I can see clearly now
65%
Quel policier a été kidnappé par Lupin ? Dumont
59%
Qui a kidnappé Raoul ? Léonard Koné
59%
Quel est le second complice de Lupin ? Philippe Courbet
59%
Quelle était la première complice de Lupin ? Fabienne Bériot
52%
A la fin de la partie 2, quels personnes se retrouvent en prison ? Pellegrini et Dumont
52%
Quel était le message codé de Diop ? VAmLLAUIeJPE
49%
Qui révèle la vérité au sujet du père de Lupin ? Anne Pellegrini
47%
Finissez la phrase : << La question c'est pas où…>> Mais pourquoi
30%
Finissez la phrase du meilleur ami de Lupin : <> Mais de la merde dans la tête
24%
Aucun quiz correspondant
Distribution des résultats
% des personnes avec chaque résultat
Percentile par nombre de réponses
Votre historique - résultats
Vous n’avez pas pris ce quiz